[Event "Alberta-ch U20"]
[Site "Edmonton CAN"]
[Date "2012.11.03"]
[Round "3"]
[White "Wang, Richard"]
[Black "Miller, David"]
[Result "1-0"]
[WhiteElo "2444"]
[BlackElo "2158"]
[PlyCount "85"]
[GameId "2160767909411633"]
[EventDate "2012.11.03"]
[EventType "swiss"]
[EventRounds "5"]
[EventCountry "CAN"]

1. d4 Nf6 2. Nf3 g6 3. Bg5 Bg7 4. Nbd2 O-O 5. c3 d6 6. e4 c5 7. dxc5 dxc5 8. Bc4 Nc6 9. O-O Na5 10. Be2 Be6 11. Qc2 a6 12. Rfd1 Qc7 13. Bh4 b5 14. Bg3 Qb6 15. Ng5 Bc8 16. c4 Nc6 17. Nb3 h6 18. Nf3 Nb4 19. Qb1 bxc4 20. Bxc4 Bb7 21. Nfd2 Nh5 22. a3 Nc6 23. Qc2 Nxg3 24. hxg3 Nd4 25. Nxd4 cxd4 26. Rab1 Rac8 27. b4 Kh8 28. Qd3 e5 29. f3 f5 30. Rdc1 h5 31. b5 a5 32. Ba2 Rxc1+ 33. Rxc1 Bh6 34. exf5 gxf5 35. Nc4 Qc5 36. Rd1 Qxb5 37. Rb1 Qd5 38. Rb6 Bg7 39. Qd2 Kh7 40. Nxa5 Qc5 41. Rxb7 d3+ 42. Kh2 Qxa3 43. Qg5 1-0

[Event "Annex CC Autumn Colours"]
[Site "Toronto CAN"]
[Date "2012.10.01"]
[Round "1"]
[White "Shebetah, Wajdy"]
[Black "Cohen, David"]
[Result "1-0"]
[WhiteElo "2155"]
[BlackElo "1844"]
[PlyCount "83"]
[GameId "2160767740551363"]
[EventDate "2012.10.01"]
[EventType "swiss"]
[EventRounds "5"]
[EventCountry "CAN"]
[TimeControl "5400+30"]

1. e4 e6 2. d3 d5 3. Be2 c5 4. c3 Nc6 5. f4 Bd6 6. e5 Bc7 7. Nf3 Bd7 8. O-O Nge7 9. Na3 Nf5 10. Qe1 h5 11. Nc2 Bb6 12. Ne3 Nce7 13. Nh4 g6 14. Nhxf5 Nxf5 15. Nxf5 exf5 16. Bf3 Be6 17. Be3 Qe7 18. d4 O-O-O 19. a4 c4 20. b3 Rd7 21. a5 Bd8 22. bxc4 dxc4 23. Qe2 Kb8 24. Rfd1 Bd5 25. Bxd5 Rxd5 26. Qxc4 Rxa5 27. Rxa5 Bxa5 28. Qb3 Rc8 29. c4 Qb4 30. Qxb4 Bxb4 31. c5 Kc7 32. d5 Kd7 33. Rc1 a5 34. Kf2 h4 35. Ke2 Re8 36. Kd3 f6 37. e6+ Ke7 38. Kc4 Rd8 39. Rd1 Rc8 40. Kb5 Kd8 41. d6 Rc6 42. Bd4 1-0

[Event "Annex CC Autumn Colours"]
[Site "Toronto CAN"]
[Date "2012.10.15"]
[Round "2"]
[White "Oganesyan, Hayk"]
[Black "Cohen, David"]
[Result "0-1"]
[WhiteElo "1881"]
[BlackElo "1844"]
[PlyCount "110"]
[GameId "2160767740551364"]
[EventDate "2012.10.01"]
[EventType "swiss"]
[EventRounds "5"]
[EventCountry "CAN"]
[TimeControl "5400+30"]

1. e4 e6 2. d4 d5 3. Nd2 c5 4. exd5 Qxd5 5. Ngf3 Nf6 6. Bc4 Qd6 7. Nb3 Nbd7 8. O-O Qc7 9. Qe2 Bd6 10. Bg5 O-O 11. Rad1 b6 12. dxc5 bxc5 13. Rfe1 Bb7 14. h3 a5 15. a4 Rfe8 16. Qd2 Be7 17. Bf4 Qb6 18. Bb5 Bc6 19. Bxc6 Qxc6 20. Nxa5 Qxa4 21. Ra1 Qb5 22. c4 Qb6 23. Re3 Rec8 24. Rb3 Rxa5 25. Rxa5 Qxb3 26. Ra7 Kf8 27. Rxd7 Nxd7 28. Qxd7 Rd8 29. Qc7 f6 30. Kh2 Qxb2 31. Qc6 Kf7 32. Qe4 g6 33. Bg3 Qc1 34. Qh4 h5 35. Bf4 Bd6 36. Ne5+ Bxe5 37. Bxe5 g5 38. Qxh5+ Kg7 39. Bxf6+ Kxf6 40. Qh6+ Ke5 41. Qg7+ Kd6 42. g3 Qxc4 43. Qb7 Qc2 44. Qb6+ Ke7 45. Qb7+ Rd7 46. Qf3 Qf5 47. Qe3 Rd3 48. Qe2 Rf3 49. Kg2 Rd3 50. Qb2 Qd5+ 51. Kh2 Rd1 52. Qg7+ Kd6 53. Qf8+ Kc6 54. Qe8+ Kb6 55. Qb8+ Qb7 0-1

[Event "Annex CC Autumn Colours"]
[Site "Toronto CAN"]
[Date "2012.10.22"]
[Round "3"]
[White "Cohen, David"]
[Black "Ferreira, Alex"]
[Result "0-1"]
[WhiteElo "1844"]
[BlackElo "2074"]
[PlyCount "66"]
[GameId "2160767740551365"]
[EventDate "2012.10.01"]
[EventType "swiss"]
[EventRounds "5"]
[EventCountry "CAN"]
[TimeControl "5400+30"]

1. d4 d5 2. c4 e5 3. dxe5 d4 4. Nf3 Nc6 5. g3 Be6 6. b3 Qd7 7. Bg2 O-O-O 8. O-O Nge7 9. Bb2 Ng6 10. Nbd2 Ngxe5 11. Nxe5 Nxe5 12. Nf3 Nxf3+ 13. Bxf3 Bh3 14. Bg2 Bxg2 15. Kxg2 h5 16. h4 g5 17. Rh1 Qc6+ 18. Kg1 g4 19. Qd3 Qe6 20. Rd1 Bh6 21. Kh2 f5 22. Qc2 Rhe8 23. Rhe1 c5 24. b4 f4 25. Rd3 fxg3+ 26. fxg3 Be3 27. Rf1 Qe4 28. bxc5 Rf8 29. Qd1 Qe7 30. Rxf8 Rxf8 31. Rxd4 Rf2+ 32. Kh1 Bxd4 33. Qxd4 Rf1+ 0-1

[Event "Annex CC Autumn Colours"]
[Site "Toronto CAN"]
[Date "2012.10.29"]
[Round "4"]
[White "Cohen, David"]
[Black "Ugodnikov, Arkadiy"]
[Result "1/2-1/2"]
[WhiteElo "1844"]
[BlackElo "1756"]
[PlyCount "110"]
[GameId "2160767740551366"]
[EventDate "2012.10.01"]
[EventType "swiss"]
[EventRounds "5"]
[EventCountry "CAN"]
[TimeControl "5400+30"]

1. d4 Nf6 2. c4 b6 3. Nf3 e6 4. Nc3 Bb7 5. e3 Be7 6. Bd3 O-O 7. O-O d5 8. cxd5 Nxd5 9. Bd2 Nd7 10. Rc1 c5 11. Re1 Nxc3 12. Bxc3 Rc8 13. Qe2 cxd4 14. exd4 Nf6 15. Ne5 Qd6 16. f3 Rfd8 17. Qf2 a6 18. Nc4 Qc6 19. Qh4 h6 20. Qg3 b5 21. Ne5 Qd5 22. a3 Bd6 23. Bb1 a5 24. Be4 Nxe4 25. fxe4 Bxe5 26. dxe5 Qc5+ 27. Qf2 Qc7 28. h3 Ba8 29. Bd4 Qxc1 30. Rxc1 Rxc1+ 31. Kh2 Rd1 32. Be3 Bxe4 33. Qg3 Bg6 34. h4 h5 35. Qg5 R8d7 36. Qf4 R7d3 37. Qf2 Rb3 38. Bd4 Rdd3 39. Qf4 Bf5 40. Bc3 Rd1 41. Qg5 Bg4 42. Qe7 Rf1 43. Qd8+ Kh7 44. Qxa5 Rf2 45. Qa7 Re2 46. Qd4 Bf5 47. Qd1 Rc2 48. Qxh5+ Kg8 49. Qf3 Rcxc3 50. bxc3 Rxa3 51. Qc6 Rb3 52. Qe8+ Kh7 53. Qxf7 Rxc3 54. Qh5+ Kg8 55. Qe8+ Kh7 1/2-1/2

[Event "Annex CC Autumn Colours"]
[Site "Toronto CAN"]
[Date "2012.11.05"]
[Round "5"]
[White "Malmsten, Erik"]
[Black "Cohen, David"]
[Result "1-0"]
[WhiteElo "1905"]
[BlackElo "1844"]
[PlyCount "53"]
[GameId "2160767740551367"]
[EventDate "2012.10.01"]
[EventType "swiss"]
[EventRounds "5"]
[EventCountry "CAN"]
[TimeControl "5400+30"]

1. e4 e6 2. f4 d5 3. e5 c5 4. Nf3 Nc6 5. Bb5 Bd7 6. O-O Qb6 7. Bxc6 Bxc6 8. d3 Ne7 9. Nbd2 Nf5 10. Qe1 Be7 11. c3 O-O 12. g4 Nh6 13. Qg3 Kh8 14. Nh4 f6 15. Ndf3 d4 16. f5 Bxf3 17. Rxf3 exf5 18. Bxh6 gxh6 19. Nxf5 Rae8 20. Raf1 Qd8 21. Nxh6 dxc3 22. bxc3 b5 23. g5 b4 24. g6 hxg6 25. Qxg6 bxc3 26. Nf7+ Rxf7 27. Rh3+ 1-0

[Event "Annex CC Autumn Colours"]
[Site "Toronto CAN"]
[Date "2012.11.05"]
[Round "5"]
[White "Southam, David"]
[Black "Wiebe, Daniel"]
[Result "1-0"]
[WhiteElo "2140"]
[BlackElo "2070"]
[PlyCount "53"]
[GameId "2160767909445075"]
[EventDate "2012.10.01"]
[EventType "swiss"]
[EventRounds "5"]
[EventCountry "CAN"]

1. d4 Nf6 2. Nf3 g6 3. Bg5 Bg7 4. c3 Ne4 5. Bf4 c5 6. Nbd2 d5 7. e3 Nc6 8. Nxe4 dxe4 9. Nd2 Qb6 10. Nc4 Qd8 11. dxc5 Be6 12. Qxd8+ Rxd8 13. Rc1 h5 14. h4 Rd5 15. b4 O-O 16. Be2 Rfd8 17. O-O Bf6 18. Bg3 a6 19. a4 Bg4 20. f3 exf3 21. gxf3 Bh3 22. Rfe1 a5 23. e4 R5d7 24. b5 Na7 25. Nxa5 Rc8 26. c6 bxc6 27. b6 1-0

[Event "Annex CC Autumn Colours"]
[Site "Toronto CAN"]
[Date "2012.11.05"]
[Round "5"]
[White "Sutton, Michael"]
[Black "Gaffney, Kevin"]
[Result "1-0"]
[WhiteElo "1695"]
[BlackElo "1594"]
[PlyCount "37"]
[GameId "2160767909445076"]
[EventDate "2012.10.01"]
[EventType "swiss"]
[EventRounds "5"]
[EventCountry "CAN"]

1. e4 e5 2. Nf3 Nc6 3. d4 exd4 4. Bc4 Nf6 5. Bg5 Be7 6. e5 Ne4 7. Bxe7 Qxe7 8. O-O O-O 9. Re1 Nc5 10. Nxd4 Nxd4 11. Qxd4 d6 12. Nc3 Ne6 13. exd6 Qg5 14. Bxe6 Bxe6 15. dxc7 Rac8 16. Qd6 Bh3 17. g3 Qf5 18. Nd5 Rxc7 19. Nxc7 1-0

[Event "Annex CC Autumn Colours"]
[Site "Toronto CAN"]
[Date "2012.11.05"]
[Round "5"]
[White "Washimkar, Atharva"]
[Black "David, Jean-Marc"]
[Result "1/2-1/2"]
[WhiteElo "1396"]
[BlackElo "1260"]
[PlyCount "98"]
[GameId "2160767909445077"]
[EventDate "2012.10.01"]
[EventType "swiss"]
[EventRounds "5"]
[EventCountry "CAN"]

1. e4 e6 2. d4 d5 3. exd5 exd5 4. Nf3 Bg4 5. Qe2+ Qe7 6. Qxe7+ Bxe7 7. Ne5 Be6 8. c4 Nd7 9. cxd5 Bxd5 10. Nc3 Ngf6 11. Bg5 Be6 12. Nb5 Nd5 13. Bxe7 Kxe7 14. a3 c6 15. Nc3 N7b6 16. Nc4 Nxc4 17. Bxc4 Nf4 18. Bxe6 Nxe6 19. O-O-O Rhd8 20. Rhe1 Rac8 21. Kb1 Kf8 22. d5 cxd5 23. Nxd5 Rd6 24. Nc3 Rcd8 25. Rxd6 Rxd6 26. Nb5 Rd2 27. Rf1 a6 28. Kc1 Rd7 29. Nc3 f5 30. g3 Kf7 31. Ne2 Nd4 32. Nxd4 Rxd4 33. Rd1 Rxd1+ 34. Kxd1 Ke6 35. Ke2 Ke5 36. Ke3 g5 37. h4 gxh4 38. gxh4 f4+ 39. Ke2 h5 40. f3 Kd4 41. Kd2 a5 42. a4 Kc4 43. Kc2 Kb4 44. b3 b5 45. axb5 Kxb5 46. Kd2 Kc5 47. Kc3 Kd5 48. Kd3 Kc5 49. Kc3 Kd5 1/2-1/2

[Event "Annex CC Beach Blanket"]
[Site "Toronto CAN"]
[Date "2012.07.09"]
[Round "1"]
[White "Cohen, David"]
[Black "Shebetah, Wajdy"]
[Result "0-1"]
[WhiteElo "1857"]
[BlackElo "2080"]
[PlyCount "96"]
[GameId "2160767740551380"]
[EventDate "2012.07.09"]
[EventType "swiss"]
[EventRounds "4"]
[EventCountry "CAN"]
[TimeControl "5400+30"]

1. d4 d6 2. c4 c6 3. Nc3 e5 4. Nf3 Bg4 5. e3 Nd7 6. Be2 Be7 7. e4 Bxf3 8. Bxf3 exd4 9. Qxd4 Ne5 10. Be2 Bf6 11. Qd1 Ne7 12. O-O O-O 13. Be3 b6 14. Qd2 Qc7 15. Rad1 Rad8 16. f4 N5g6 17. Bf3 Rfe8 18. Ne2 c5 19. Qc1 Nc6 20. Nc3 Nge7 21. Nb5 Qb8 22. a3 a6 23. Nc3 Nd4 24. Ne2 Nxe2+ 25. Bxe2 Nc6 26. Bf3 Nd4 27. Rd3 Rxe4 28. Rxd4 Rxd4 29. Bxd4 Bxd4+ 30. Kh1 Re8 31. Qc2 g6 32. Bd5 Qd8 33. f5 Qf6 34. b3 Qxf5 35. Qxf5 gxf5 36. g4 Kg7 37. Rxf5 f6 38. h4 Re3 39. b4 Rxa3 40. bxc5 bxc5 41. Kg2 h6 42. g5 hxg5 43. hxg5 fxg5 44. Rxg5+ Kf6 45. Rg8 a5 46. Ra8 a4 47. Ra6 Ke5 48. Bc6 Ra2+ 0-1

[Event "Annex CC Beach Blanket"]
[Site "Toronto CAN"]
[Date "2012.07.23"]
[Round "2"]
[White "Romero Alfonso, Carlos"]
[Black "Cohen, David"]
[Result "1-0"]
[WhiteElo "1841"]
[BlackElo "1857"]
[PlyCount "27"]
[GameId "2160767740551381"]
[EventDate "2012.07.09"]
[EventType "swiss"]
[EventRounds "4"]
[EventCountry "CAN"]
[TimeControl "5400+30"]

1. e4 e6 2. d4 d5 3. Nd2 c5 4. c3 Nc6 5. Ngf3 cxd4 6. cxd4 Bd6 7. Bd3 Qb6 8. e5 Bc7 9. Nb3 Bd7 10. Bd2 h6 11. Rc1 Nge7 12. O-O O-O-O 13. Nc5 f6 14. Na4 1-0

[Event "Annex CC Beach Blanket"]
[Site "Toronto CAN"]
[Date "2012.07.30"]
[Round "3"]
[White "Cohen, David"]
[Black "Nasir, Zehn"]
[Result "1/2-1/2"]
[WhiteElo "1857"]
[BlackElo "1891"]
[PlyCount "68"]
[GameId "2160767740551382"]
[EventDate "2012.07.09"]
[EventType "swiss"]
[EventRounds "4"]
[EventCountry "CAN"]
[TimeControl "5400+30"]

1. d4 Nf6 2. c4 e5 3. d5 Bb4+ 4. Bd2 Bxd2+ 5. Qxd2 d6 6. Nc3 Bf5 7. e3 Nbd7 8. Bd3 Bxd3 9. Qxd3 Nc5 10. Qc2 e4 11. O-O-O O-O 12. f3 Qe7 13. fxe4 Ncxe4 14. Nh3 Rfe8 15. Rde1 a6 16. Rhf1 b5 17. Rf4 bxc4 18. Nxe4 Nxe4 19. Ref1 Nc5 20. R4f3 f6 21. Qxc4 Qe4 22. Qxe4 Rxe4 23. Kd2 Rb8 24. b3 a5 25. Rf4 Re5 26. Rd4 Na6 27. Nf4 Rb5 28. e4 Nc5 29. Re1 Rb4 30. Rxb4 axb4 31. Nd3 Nxd3 32. Kxd3 Re8 33. Rc1 Rc8 34. Rc4 Ra8 1/2-1/2

[Event "Annex CC Beach Blanket"]
[Site "Toronto CAN"]
[Date "2012.08.13"]
[Round "4"]
[White "Cohen, David"]
[Black "Oganesyan, Hayk"]
[Result "0-1"]
[WhiteElo "1857"]
[BlackElo "1789"]
[PlyCount "100"]
[GameId "2160767740551383"]
[EventDate "2012.07.09"]
[EventType "swiss"]
[EventRounds "4"]
[EventCountry "CAN"]
[TimeControl "5400+30"]

1. d4 Nf6 2. c4 g6 3. Nc3 Bg7 4. e4 d6 5. Nf3 O-O 6. Be2 Nbd7 7. O-O e5 8. d5 Nc5 9. Qc2 a5 10. b3 Nh5 11. Bb2 f5 12. a3 Nf4 13. b4 Nxe4 14. Nxe4 fxe4 15. Qxe4 Nxe2+ 16. Qxe2 Bg4 17. Rfb1 Bxf3 18. gxf3 Qh4 19. Kg2 Rf5 20. Rh1 Raf8 21. Rab1 axb4 22. Bc1 Bh6 23. Bxh6 Qxh6 24. axb4 Qg5+ 25. Kf1 Rxf3 26. c5 Qf5 27. Rb2 e4 28. Ke1 e3 29. fxe3 Re8 30. Rb3 Qxd5 31. Rd3 Rfxe3 32. Rxd5 Rxe2+ 33. Kd1 R2e5 34. Rxe5 Rxe5 35. cxd6 Rd5+ 36. Kc2 Rxd6 37. Rf1 Kg7 38. Kc3 g5 39. Rf5 Kg6 40. Rf8 h5 41. Kc4 g4 42. Rg8+ Kf6 43. Rh8 Kg5 44. Rg8+ Rg6 45. Rb8 h4 46. Rxb7 g3 47. hxg3 hxg3 48. Ra7 g2 49. Ra1 Kf4 50. Rg1 Kf3 0-1

[Event "Annex CC Summer Love"]
[Site "Toronto CAN"]
[Date "2012.08.20"]
[Round "1"]
[White "Cohen, David"]
[Black "Peev, Pavel"]
[Result "0-1"]
[WhiteElo "1812"]
[BlackElo "2209"]
[PlyCount "78"]
[GameId "2160767740551368"]
[EventDate "2012.08.20"]
[EventType "swiss"]
[EventRounds "5"]
[EventCountry "CAN"]
[TimeControl "5400+30"]

1. d4 Nf6 2. c4 c5 3. d5 b5 4. cxb5 a6 5. bxa6 Bxa6 6. Nc3 g6 7. g3 Bg7 8. Bg2 d6 9. Nf3 Nbd7 10. O-O O-O 11. Re1 Qa5 12. e4 Ng4 13. h3 Nge5 14. Nxe5 Nxe5 15. Bf1 Rfb8 16. Kg2 Bxf1+ 17. Rxf1 Nc4 18. Qc2 Nxb2 19. Bxb2 Rxb2 20. Qxb2 Bxc3 21. Qb3 Bxa1 22. Rxa1 Qa3 23. Qxa3 Rxa3 24. e5 Kf8 25. exd6 exd6 26. f4 Ke7 27. Rb1 Rxa2+ 28. Kf3 Rd2 29. Rb7+ Kf6 30. g4 h6 31. h4 Rxd5 32. g5+ hxg5 33. hxg5+ Ke6 34. Ke4 Rd4+ 35. Ke3 Rb4 36. Rc7 Rb3+ 37. Ke2 Rh3 38. Kf2 Rh8 39. Ke3 Rd8 0-1

[Event "Annex CC Summer Love"]
[Site "Toronto CAN"]
[Date "2012.08.27"]
[Round "2"]
[White "Zotkin, Daniel"]
[Black "Cohen, David"]
[Result "0-1"]
[WhiteElo "1920"]
[BlackElo "1812"]
[PlyCount "50"]
[GameId "2160767740551369"]
[EventDate "2012.08.20"]
[EventType "swiss"]
[EventRounds "5"]
[EventCountry "CAN"]
[TimeControl "5400+30"]

1. b3 d5 2. Bb2 Bf5 3. e3 e6 4. f4 Nf6 5. Nf3 c5 6. Bb5+ Nc6 7. Ne5 Qb6 8. Bxc6+ bxc6 9. O-O Bd6 10. h3 Bxe5 11. fxe5 Nd7 12. a4 c4 13. a5 Qb8 14. Na3 cxb3 15. cxb3 Nxe5 16. Qc1 O-O 17. Bxe5 Qxe5 18. Qxc6 Rfc8 19. Qa4 a6 20. Ra2 Rc7 21. Qb4 Rac8 22. Qb6 Bd3 23. Rf4 Rc1+ 24. Kh2 g5 25. Qd4 Qd6 0-1

[Event "Annex CC Summer Love"]
[Site "Toronto CAN"]
[Date "2012.09.10"]
[Round "3"]
[White "Cohen, David"]
[Black "Mills, Morgon"]
[Result "0-1"]
[WhiteElo "1812"]
[BlackElo "2206"]
[PlyCount "84"]
[GameId "2160767740551370"]
[EventDate "2012.08.20"]
[EventType "swiss"]
[EventRounds "5"]
[EventCountry "CAN"]
[TimeControl "5400+30"]

1. d4 d5 2. c4 Nc6 3. e3 e5 4. Nf3 Bb4+ 5. Nc3 Bg4 6. Be2 e4 7. Nd2 Bxe2 8. Qxe2 Bxc3 9. bxc3 Nf6 10. Ba3 Ne7 11. Rb1 Rb8 12. O-O O-O 13. Rb3 Re8 14. Rfb1 b6 15. cxd5 Qxd5 16. c4 Qd7 17. h3 Nc6 18. Rb5 Rbd8 19. Rg5 h6 20. Rg3 Ne7 21. Bxe7 Qxe7 22. Rb3 Qd6 23. Rb5 c5 24. d5 a6 25. Rb1 b5 26. cxb5 Qxd5 27. Nb3 axb5 28. Qxb5 Rb8 29. Qf1 Rec8 30. Rd1 Qe6 31. Rc1 c4 32. Nd4 Qd5 33. Rc3 Qa5 34. Qc1 Qxa2 35. Qc2 Rb2 36. Qd1 Rxf2 37. Nc2 Rf5 38. Qc1 Rb8 39. Qd2 Qb1+ 40. Ne1 Rd5 41. Qf2 Rd1 42. Kh2 Nh5 0-1

[Event "Annex CC Summer Love"]
[Site "Toronto CAN"]
[Date "2012.09.10"]
[Round "3"]
[White "Southam, David"]
[Black "Manalo, Pepin"]
[Result "1-0"]
[WhiteElo "2180"]
[BlackElo "1845"]
[PlyCount "101"]
[GameId "2160767909445498"]
[EventDate "2012.08.20"]
[EventType "swiss"]
[EventRounds "5"]
[EventCountry "CAN"]

1. d4 Nf6 2. c4 d5 3. cxd5 Qxd5 4. Nc3 Qa5 5. Bd2 Qb6 6. e3 Bg4 7. f3 Bd7 8. Bc4 e6 9. Nge2 c5 10. Na4 Qc7 11. Nxc5 Bxc5 12. dxc5 Qxc5 13. Rc1 Qd6 14. O-O O-O 15. Bc3 Qe7 16. Be5 Rd8 17. Bc7 Rc8 18. Bd6 Qd8 19. Qd2 Nc6 20. b4 Ne7 21. e4 b5 22. Bb3 Ng6 23. Rcd1 Qb6+ 24. Qd4 Qxd4+ 25. Nxd4 e5 26. Nf5 Be6 27. Bc5 Rd8 28. Nd6 Bxb3 29. axb3 a6 30. Nb7 Rdb8 31. Na5 Rc8 32. Rd6 Nf4 33. Nc6 Ng6 34. Rfd1 h6 35. g3 Re8 36. Na5 Nf8 37. Rb6 N6d7 38. Rb7 Nb8 39. Rd5 f6 40. Bxf8 Kxf8 41. Rc5 Re7 42. Rc8+ Re8 43. Rcc7 Rd8 44. Rf7+ Kg8 45. Rxg7+ Kf8 46. Rh7 Kg8 47. Rbg7+ Kf8 48. Rh8+ Kxg7 49. Rxd8 Ra7 50. Rxb8 Rc7 51. Rb7 1-0

[Event "Annex CC Summer Love"]
[Site "Toronto CAN"]
[Date "2012.09.10"]
[Round "3"]
[White "Supol, George"]
[Black "Thornton, Bill"]
[Result "1-0"]
[WhiteElo "1393"]
[BlackElo "1641"]
[PlyCount "49"]
[GameId "2160767909445499"]
[EventDate "2012.08.20"]
[EventType "swiss"]
[EventRounds "5"]
[EventCountry "CAN"]

1. Nf3 d5 2. d4 Nf6 3. Bg5 e6 4. Ne5 Be7 5. e3 O-O 6. Bd3 h6 7. Bxf6 Bxf6 8. Ng4 Be7 9. Nxh6+ gxh6 10. Qh5 Kg7 11. Qg4+ Kh8 12. Qh5 Kg7 13. Qg4+ Bg5 14. h4 f5 15. Qg3 Qd6 16. f4 Kg6 17. hxg5 h5 18. Qh4 Rh8 19. g4 Qb4+ 20. Ke2 Qe7 21. gxh5+ Kf7 22. g6+ Ke8 23. Qxe7+ Kxe7 24. g7 Rg8 25. h6 1-0

[Event "Annex CC Summer Love"]
[Site "Toronto CAN"]
[Date "2012.09.17"]
[Round "4"]
[White "Krupka, David"]
[Black "Cohen, David"]
[Result "0-1"]
[WhiteElo "1943"]
[BlackElo "1812"]
[PlyCount "84"]
[GameId "2160767740551371"]
[EventDate "2012.08.20"]
[EventType "swiss"]
[EventRounds "5"]
[EventCountry "CAN"]
[TimeControl "5400+30"]

1. d4 d5 2. c4 c6 3. cxd5 cxd5 4. Nc3 e6 5. Nf3 Nf6 6. Bf4 Be7 7. e3 O-O 8. Rc1 Nc6 9. Bd3 a6 10. h3 Bd7 11. O-O Rc8 12. Qe2 b5 13. e4 dxe4 14. Nxe4 Nxe4 15. Qxe4 f5 16. Qe3 Nb4 17. Rxc8 Bxc8 18. Bb1 Nd5 19. Qd2 Nxf4 20. Qxf4 Bb7 21. Rd1 Rf6 22. Bc2 Bd5 23. Bb3 Bxb3 24. axb3 Bd6 25. Qc1 Qa8 26. Qe3 Qd5 27. Ra1 Qb7 28. Ne5 h6 29. Qf3 Qc8 30. Qc6 Qxc6 31. Nxc6 Rf8 32. Rxa6 Rc8 33. Kf1 Kf8 34. Ke2 Bf4 35. Kd3 Bc1 36. Kc2 Bf4 37. g3 Bd6 38. Kd3 Kf7 39. Na7 Rd8 40. Nxb5 Bc5 41. Kc4 Be7 42. Rc6 Rb8 {time} 0-1

[Event "Annex CC Summer Love"]
[Site "Toronto CAN"]
[Date "2012.09.24"]
[Round "5"]
[White "Cohen, David"]
[Black "Wiebe, Daniel"]
[Result "0-1"]
[WhiteElo "1812"]
[BlackElo "2012"]
[PlyCount "82"]
[GameId "2160767740551372"]
[EventDate "2012.08.20"]
[EventType "swiss"]
[EventRounds "5"]
[EventCountry "CAN"]
[TimeControl "5400+30"]

1. d4 Nf6 2. c4 g6 3. Nc3 d5 4. Qb3 dxc4 5. Qxc4 Bg7 6. e4 O-O 7. Nf3 Nfd7 8. Bf4 Nc6 9. Rd1 Nb6 10. Qd3 Bg4 11. Be2 Bxf3 12. Bxf3 Nxd4 13. e5 Nxf3+ 14. Qxf3 Qc8 15. O-O c6 16. Rd3 Qf5 17. Rfd1 Nc4 18. Rd4 Nxe5 19. Bxe5 Qxf3 20. gxf3 Bxe5 21. Rd7 Bd6 22. Ne4 Rfd8 23. Rxb7 Bxh2+ 24. Kxh2 Rxd1 25. Rxe7 Rb1 26. Rb7 a5 27. Kg2 a4 28. a3 Ra5 29. f4 Rb5 30. Rc7 R1xb2 31. Rxc6 R5b3 32. Rc7 Rxa3 33. Ng5 Raa2 34. Ne4 a3 35. Rd7 Ra1 36. Ng5 a2 37. Nxf7 Rc1 38. Nh6+ Kf8 39. Ng4 a1=Q 40. Nf6 Rxf2+ 41. Kxf2 Qxf6 0-1

[Event "Battle of Alberta"]
[Site "Red Deer CAN"]
[Date "2012.08.18"]
[Round "1.1"]
[White "Daniluk, Jim"]
[Black "Porper, Edward"]
[Result "0-1"]
[Annotator " "]
[WhiteElo "2057"]
[BlackElo "2473"]
[PlyCount "74"]
[GameId "2160767739706470"]
[EventDate "2012.08.18"]
[EventType "team"]
[EventRounds "2"]
[EventCountry "CAN"]
[TimeControl "5400"]

1. d4 d5 2. Nf3 c6 3. c4 Nf6 4. e3 Bf5 5. Nc3 e6 6. Ne5 Nbd7 7. cxd5 Nxe5 8. dxe5 Nxd5 9. Bd2 Qb6 10. Nxd5 exd5 11. Bc3 Bb4 12. Qd2 Bxc3 13. Qxc3 O-O 14. Rd1 Rae8 15. Be2 Re7 16. O-O Rfe8 17. Rd4 Rxe5 18. Rb4 Qc7 19. Rc1 Qe7 20. Qb3 Bc8 21. Ra4 a6 22. Bf3 Qf6 23. Qc3 Rf5 24. e4 Qxc3 25. Rxc3 Rfe5 26. Re3 dxe4 27. Raxe4 Rxe4 28. Rxe4 Rxe4 29. Bxe4 g6 30. Kf1 Kg7 31. b4 Kf6 32. Ke2 Bf5 33. Bf3 Ke5 34. Ke3 Be6 35. Be4 Bxa2 36. f4+ Kd6 37. Kd4 Bd5 0-1

[Event "Battle of Alberta"]
[Site "Red Deer CAN"]
[Date "2012.08.18"]
[Round "1.2"]
[White "Wang, Richard"]
[Black "Kazmaier, Daniel"]
[Result "1-0"]
[WhiteElo "2468"]
[BlackElo "2307"]
[PlyCount "53"]
[GameId "2160767909445500"]
[EventDate "2012.08.18"]
[EventType "team"]
[EventRounds "2"]
[EventCountry "CAN"]

1. d4 f5 2. Nf3 Nf6 3. g3 e6 4. Bg2 Be7 5. O-O O-O 6. c4 d6 7. Nc3 Nc6 8. d5 Ne5 9. Nd4 exd5 10. cxd5 Qe8 11. f4 Nc4 12. Qd3 Nb6 13. Nxf5 Bd8 14. Nd4 Qh5 15. e4 c6 16. dxc6 bxc6 17. b3 a5 18. Rd1 c5 19. Nf3 d5 20. e5 Bf5 21. Qb5 d4 22. exf6 dxc3 23. fxg7 Re8 24. Ba3 a4 25. Ne5 Rc8 26. Bf3 Qh6 27. Qxe8+ 1-0

[Event "Battle of Alberta"]
[Site "Red Deer CAN"]
[Date "2012.08.18"]
[Round "1.3"]
[White "Zhang, David"]
[Black "Pechenkin, Vladimir"]
[Result "0-1"]
[Annotator " "]
[WhiteElo "2285"]
[BlackElo "2425"]
[PlyCount "102"]
[GameId "2160767909445501"]
[EventDate "2012.08.18"]
[EventType "team"]
[EventRounds "2"]
[EventCountry "CAN"]

1. e4 Nf6 2. e5 Nd5 3. d4 d6 4. Nf3 dxe5 5. Nxe5 c6 6. Bd3 Nd7 7. Nxd7 Bxd7 8. O-O g6 9. c4 Nc7 10. Be3 Bg7 11. Nc3 O-O 12. Qd2 b5 13. Bh6 bxc4 14. Bxg7 Kxg7 15. Bxc4 Be6 16. b3 Bf5 17. Rad1 Nd5 18. Rfe1 Qd6 19. Na4 Rfe8 20. Nc5 e5 21. Ne4 Bxe4 22. Rxe4 Nf6 23. Rxe5 Rxe5 24. dxe5 Qxe5 25. Re1 Rd8 26. Qxd8 Qxe1+ 27. Bf1 c5 28. Qd3 Ne4 29. Qc2 h5 30. a3 a5 31. Qe2 Qxe2 32. Bxe2 Nd2 33. Bd1 Kf6 34. f4 Kf5 35. Kf2 Kxf4 36. Bc2 h4 37. Ke2 Ne4 38. Kd3 Nd6 39. Bd1 g5 40. Bf3 h3 41. Bd5 hxg2 42. Bxg2 f5 43. Bh1 Kg4 44. Bg2 f4 45. Bf1 Kf3 46. h3 Kf2 47. Be2 f3 48. Bd1 Kg2 49. Ke3 f2 50. Bf3+ Kg1 51. Be2 Nf5+ 0-1

[Event "Battle of Alberta"]
[Site "Red Deer CAN"]
[Date "2012.08.18"]
[Round "1.4"]
[White "Haynes, Nicolas"]
[Black "Haessel, Dale"]
[Result "0-1"]
[WhiteElo "2312"]
[BlackElo "2277"]
[PlyCount "22"]
[GameId "2160767739706471"]
[EventDate "2012.08.18"]
[EventType "team"]
[EventRounds "2"]
[EventCountry "CAN"]

1. d4 d5 2. Nf3 Nf6 3. Bg5 Bf5 4. e3 Nbd7 5. Nbd2 h6 6. Bh4 e6 7. Be2 Be7 8. O-O g5 9. Bg3 Nh5 10. Be5 Nxe5 11. dxe5 Ng7 {Cell phone violation} 0-1

[Event "Battle of Alberta"]
[Site "Red Deer CAN"]
[Date "2012.08.18"]
[Round "2.1"]
[White "Porper, Edward"]
[Black "Daniluk, Jim"]
[Result "1-0"]
[WhiteElo "2473"]
[BlackElo "2057"]
[PlyCount "51"]
[GameId "2160767739706472"]
[EventDate "2012.08.18"]
[EventType "team"]
[EventRounds "2"]
[EventCountry "CAN"]
[TimeControl "5400"]

1. d4 Nf6 2. Bg5 c5 3. Bxf6 gxf6 4. d5 f5 5. e3 Bg7 6. c3 d6 7. a4 Nd7 8. Na3 Nf6 9. Nc4 b6 10. Be2 O-O 11. Nh3 Kh8 12. Nf4 e5 13. dxe6 d5 14. e7 Qxe7 15. Nxd5 Nxd5 16. Qxd5 Bb7 17. Qxf5 Be4 18. Qf4 Bxg2 19. Rg1 Be4 20. O-O-O Bg6 21. h4 Qf6 22. Qxf6 Bxf6 23. h5 Bf5 24. Bg4 Be4 25. f3 Bc6 26. Rd6 1-0